| 000 | 00613nam a2200193 i 4500 | ||
|---|---|---|---|
| 003 | IT-RoINE | ||
| 005 | 20190313105838.0 | ||
| 008 | 061204s1949 sp |||||r |||||||fre|d | ||
| 040 |
_cIT-RoINE _dIT-RoINE |
||
| 100 | 1 |
_aFraga Iribarne, Manuel, _9550 _d1922-2012 |
|
| 245 | 1 | 0 |
_aComment est gouvernee l'Espagne / _cManuel Fraga Iribarne. |
| 260 |
_aMadrid : _bBureau d'information diplomatique, _c1949. |
||
| 300 |
_a118 p. ; _c18 cm. |
||
| 336 |
_2rdacontent _atext |
||
| 337 |
_2rdamedia _aunmediated |
||
| 338 |
_2rdacarrier _avolume |
||
| 651 | 4 |
_916210 _aEspaña _xPolítica y gobierno _y1939-1975 |
|
| 942 | _cMTS | ||
| 999 |
_c29580 _d29580 |
||